Understanding the novel : (Record no. 100292)

MARC details
000 -LEADER
fixed length control field 00621nam a22001937a 4500
005 - DATE AND TIME OF LATEST TRANSACTION
control field 20160614144935.0
010 ## - LCCN (DPL NO)
LC control number ENG-115256
020 ## - INTERNATIONAL STANDARD BOOK NUMBER
International Standard Book Number 9789384082093
Terms of availability 1195.00
035 ## - SYSTEM CONTROL NUMBER
System control number EN-98788
037 ## - SOURCE OF ACQUISITION
Source of stock number/acquisition DBAD/PUB
082 ## - DEWEY DECIMAL CLASSIFICATION NUMBER
Classification number 809.3
100 ## - MAIN ENTRY--PERSONAL NAME
Personal name Albeena Shakil
245 ## - TITLE STATEMENT
Title Understanding the novel :
Remainder of title a theoretical overview /
Statement of responsibility, etc by Albeena Shakil
260 ## - PUBLICATION, DISTRIBUTION, ETC. (IMPRINT)
Place of publication, distribution, etc Delhi
Name of publisher, distributor, etc Primus Books
Date of publication, distribution, etc 2015
270 ## - ADDRESS
Address Virat Bhawan, Mukherjee Nagar Commercial Complex
City Delhi
Postal code 110009
300 ## - PHYSICAL DESCRIPTION
Extent xxi,264p.
Other physical details 24cm(Hb)
500 ## - GENERAL NOTE
General note Includes bibliographical references and index
942 ## - ADDED ENTRY ELEMENTS (KOHA)
Source of classification or shelving scheme Dewey Decimal Classification
Item type English Books
Call number suffix ALB
Classification part 809.3
Holdings
Withdrawn status Lost status Not for loan Collection code Home library Current library Date acquired Source of acquisition Cost, normal purchase price Full call number Barcode Copy number Cost, replacement price Koha item type
    Not For Loan Non-fiction D.B.Act.Division Bawana 13/06/2016 DBAD/PUB 1195.00 809.3 ALB EN-98788 1 1195.00 English Books

© Delhi Public Library
Hit Counter
free hit counter